[Event "FIN-chT1A 0506"]
[Site "Finland"]
[Date "2006.01.14"]
[Round "5.2"]
[White "Aaltio, Erkki"]
[Black "Pirttimaki, Timo"]
[Result "1/2-1/2"]
[WhiteElo "2181"]
[BlackElo "2178"]
[PlyCount "90"]
[EventDate "2005.09.17"]
[EventType "team-tourn"]
[EventRounds "7"]
[EventCountry "FIN"]
[SourceTitle "EXT 2022"]
[Source "ChessBase"]
[SourceDate "2021.10.06"]
[SourceVersion "1"]
[SourceVersionDate "2021.10.06"]
[SourceQuality "1"]
[WhiteTeam "Helsinki HSK II"]
[BlackTeam "Helsinki KS 58"]
[WhiteTeamCountry "FIN"]
[BlackTeamCountry "FIN"]

1. d4 Nf6 2. c4 g6 3. Nc3 d5 4. e3 Bg7 5. cxd5 Nxd5 6. Qb3 Nxc3 7. bxc3 0-0 8. Nf3 c5 9. Be2 Nc6 10. 0-0 Qc7 11. Ba3 Be6 12. Qb2 cxd4 13. cxd4 Rfc8 14. Rfc1 Qb6 15. Qd2 Bd5 16. Rab1 Qa5 17. Rxc6 Qxa3 18. Rxc8+ Rxc8 19. h3 b6 20. Ne1 Qc3 21. Qxc3 Rxc3 22. a4 e5 23. dxe5 Bxe5 24. Rb5 Rc5 25. f4 Bc3 26. Nf3 Kf8 27. Kf2 Ke7 28. Bd3 Rxb5 29. axb5 Kd6 30. e4 Bb3 31. e5+ Kc5 32. Ng5 Bd4+ 33. Ke2 h6 34. Ne4+ Kb4 35. Nd6 g5 36. g3 h5 37. Kf3 f6 38. exf6 Bxf6 39. Nc8 Be6 40. Nxa7 Bxh3 41. Nc6+ Kc3 42. Bg6 Bg4+ 43. Ke3 h4 44. gxh4 gxh4 45. Be4 Kc4 1/2-1/2

[Event "FIN-chT1A 0506"]
[Site "Finland"]
[Date "2005.09.17"]
[Round "1.2"]
[White "Pihlajasalo, Hannu"]
[Black "Pirttimaki, Timo"]
[Result "1/2-1/2"]
[WhiteElo "2214"]
[BlackElo "2178"]
[PlyCount "29"]
[EventDate "2005.09.17"]
[EventType "team-tourn"]
[EventRounds "7"]
[EventCountry "FIN"]
[SourceTitle "EXT 2022"]
[Source "ChessBase"]
[SourceDate "2021.10.06"]
[SourceVersion "1"]
[SourceVersionDate "2021.10.06"]
[SourceQuality "1"]
[WhiteTeam "Salo SK"]
[BlackTeam "Helsinki KS 58"]
[WhiteTeamCountry "FIN"]
[BlackTeamCountry "FIN"]

1. d4 Nf6 2. Nf3 b6 3. Bg5 Bb7 4. Nbd2 e6 5. e3 Be7 6. Bd3 d5 7. Qe2 Nbd7 8. c3 Ne4 9. Bxe7 Qxe7 10. Ba6 Bxa6 11. Qxa6 Nxd2 12. Nxd2 0-0 13. 0-0 Qd6 14. e4 e5 15. Qd3 1/2-1/2

[Event "FIN-chT1B 0405"]
[Site "Finland"]
[Date "2005.02.06"]
[Round "6.1"]
[White "Pirttimaki, Timo"]
[Black "Kauppinen, Martti"]
[Result "1/2-1/2"]
[WhiteElo "2182"]
[BlackElo "2208"]
[PlyCount "118"]
[EventDate "2004.09.18"]
[EventType "team-tourn"]
[EventRounds "7"]
[EventCountry "FIN"]
[SourceTitle "EXT 2022"]
[Source "ChessBase"]
[SourceDate "2021.10.06"]
[SourceVersion "1"]
[SourceVersionDate "2021.10.06"]
[SourceQuality "1"]
[WhiteTeam "Helsinki KS 58"]
[BlackTeam "Espoo MatSK II"]
[WhiteTeamCountry "FIN"]
[BlackTeamCountry "FIN"]

1. e4 c5 2. Nf3 d6 3. d4 cxd4 4. Nxd4 Nf6 5. Nc3 g6 6. Be3 Bg7 7. f3 0-0 8. Qd2 Nc6 9. Bc4 Bd7 10. h4 Rc8 11. Bb3 Ne5 12. h5 Nxh5 13. g4 Nf6 14. 0-0-0 Nc4 15. Bxc4 Rxc4 16. Bh6 Bxh6 17. Rxh6 Qa5 18. Nb3 Qe5 19. f4 Qe6 20. g5 Nh5 21. Nd4 Qg4 22. Nd5 Re8 23. Qe3 Be6 24. f5 Bxd5 25. exd5 Qf4 26. Qxf4 Nxf4 27. c3 Rc5 28. Rh4 Nh5 29. fxg6 hxg6 30. Nf5 gxf5 31. Rxh5 Kg7 32. Rh3 Kg6 33. b4 Rc4 34. Kb2 Kxg5 35. Kb3 Rg4 36. Re1 Kf6 37. a4 Rc8 38. Rhe3 Rc7 39. Rc1 Rcc4 40. Rh3 Rc7 41. a5 Rgc4 42. Rd1 Ke5 43. Re3+ Re4 44. Rh3 f4 45. Rh5+ f5 46. Rh6 f3 47. Rd3 Kf4 48. Rh3 Re3 49. Kc2 Ke4 50. Rh4+ f4 51. Rd4+ Ke5 52. Rh5+ Kf6 53. Rxf4+ Kg6 54. Rhf5 Rexc3+ 55. Kd2 Rc2+ 56. Ke3 R7c3+ 57. Kd4 Rc4+ 58. Kd3 R4c3+ 59. Kd4 Rc4+ 1/2-1/2

[Event "FIN-chT1B 0405"]
[Site "Finland"]
[Date "2004.11.14"]
[Round "4.1"]
[White "Vatanski, Aleksander"]
[Black "Pirttimaki, Timo"]
[Result "1/2-1/2"]
[WhiteElo "2165"]
[BlackElo "2182"]
[PlyCount "50"]
[EventDate "2004.09.18"]
[EventType "team-tourn"]
[EventRounds "7"]
[EventCountry "FIN"]
[SourceTitle "EXT 2022"]
[Source "ChessBase"]
[SourceDate "2021.10.06"]
[SourceVersion "1"]
[SourceVersionDate "2021.10.06"]
[SourceQuality "1"]
[WhiteTeam "Helsinki I-HSK"]
[BlackTeam "Helsinki KS 58"]
[WhiteTeamCountry "FIN"]
[BlackTeamCountry "FIN"]

1. e4 c5 2. Nf3 g6 3. g3 Bg7 4. Bg2 Nc6 5. 0-0 e5 6. c3 Nge7 7. a3 0-0 8. b4 b6 9. Bb2 d6 10. d3 h6 11. Nbd2 f5 12. b5 Na5 13. Nb3 f4 14. Nxa5 bxa5 15. d4 Qe8 16. dxc5 dxc5 17. c4 Be6 18. Qd6 Bxc4 19. Rfc1 Rd8 20. Qxc5 Rc8 21. Qxa7 Qxb5 22. Qxe7 Qxb2 23. Re1 fxg3 24. hxg3 Bd3 25. Rad1 Rc3 1/2-1/2

[Event "FIN-chT1B 0405"]
[Site "Finland"]
[Date "2004.09.19"]
[Round "2.1"]
[White "Pirttimaki, Timo"]
[Black "Remmel, Anto"]
[Result "1/2-1/2"]
[WhiteElo "2182"]
[BlackElo "2271"]
[PlyCount "81"]
[EventDate "2004.09.18"]
[EventType "team-tourn"]
[EventRounds "7"]
[EventCountry "FIN"]
[SourceTitle "EXT 2022"]
[Source "ChessBase"]
[SourceDate "2021.10.06"]
[SourceVersion "1"]
[SourceVersionDate "2021.10.06"]
[SourceQuality "1"]
[WhiteTeam "Helsinki KS 58"]
[BlackTeam "Vantaa Remi"]
[WhiteTeamCountry "FIN"]
[BlackTeamCountry "FIN"]

1. e4 e5 2. Nf3 Nc6 3. Bb5 a6 4. Ba4 Nf6 5. 0-0 Be7 6. Re1 b5 7. Bb3 d6 8. c3 0-0 9. d4 Bg4 10. a3 Rb8 11. d5 Na5 12. Ba2 c6 13. Nbd2 cxd5 14. exd5 Qc7 15. h3 Bh5 16. g4 Bg6 17. Nh4 Nc4 18. Nxg6 fxg6 19. Re2 Nb6 20. Rxe5 Kh8 21. Re2 Nfxd5 22. Ne4 Nf4 23. Bxf4 Rxf4 24. Bd5 Bh4 25. Kg2 Re8 26. Qd2 Rff8 27. Rae1 Re5 28. Bb3 d5 29. Ng3 Rxe2 30. Qxe2 Nc4 31. Bxc4 dxc4 32. Qf3 Qb8 33. Qe3 h6 34. Qe5 Bxg3 35. Kxg3 Qb6 36. Re3 g5 37. Rf3 Rxf3+ 38. Kxf3 Qc6+ 39. Ke3 Qb6+ 40. Qd4 Qe6+ 41. Qe4 1/2-1/2

[Event "Helsinki We I HSK op"]
[Site "Helsinki"]
[Date "2004.06.??"]
[Round "4"]
[White "Pirttimaki, Timo"]
[Black "Kilpela, Panu"]
[Result "0-1"]
[WhiteElo "2221"]
[BlackElo "2150"]
[PlyCount "52"]
[EventDate "2004.06.12"]
[EventType "swiss"]
[EventRounds "5"]
[EventCountry "FIN"]
[SourceTitle "EXT 2007"]
[Source "ChessBase"]
[SourceDate "2006.11.23"]
[SourceVersion "1"]
[SourceVersionDate "2006.11.23"]
[SourceQuality "1"]

1. e4 c5 2. Nf3 Nc6 3. Bb5 Qb6 4. Nc3 a6 5. Nd5 Qd8 6. Bxc6 dxc6 7. Ne3 g6 8. 0-0 Bg7 9. d3 Nf6 10. h3 0-0 11. Rb1 Ne8 12. b3 e5 13. Nc4 f6 14. Be3 b5 15. Ncd2 Qe7 16. Qc1 Rf7 17. Qa3 Bf8 18. Qa5 Nc7 19. Qb6 Qd6 20. c3 Ne6 21. d4 cxd4 22. cxd4 exd4 23. Nxd4 Rb7 24. e5 fxe5 25. Ne4 Rxb6 26. Nxd6 exd4 0-1

[Event "FIN-chT1A 0304"]
[Site "Finland"]
[Date "2004.02.14"]
[Round "5.1"]
[White "Pirttimaki, Timo"]
[Black "Jarvela, Jari"]
[Result "1/2-1/2"]
[WhiteElo "2250"]
[BlackElo "2255"]
[PlyCount "30"]
[EventDate "2003.09.??"]
[EventType "team-tourn"]
[EventRounds "7"]
[EventCountry "FIN"]
[SourceTitle "EXT 2022"]
[Source "ChessBase"]
[SourceDate "2021.10.06"]
[SourceVersion "1"]
[SourceVersionDate "2021.10.06"]
[SourceQuality "1"]
[WhiteTeam "Helsinki KS 58"]
[BlackTeam "Turku SY"]
[WhiteTeamCountry "FIN"]
[BlackTeamCountry "FIN"]

1. d4 Nf6 2. c4 c5 3. e3 g6 4. Nf3 Bg7 5. Be2 0-0 6. 0-0 b6 7. Nc3 d6 8. Re1 Nbd7 9. d5 a6 10. e4 Qc7 11. h3 e5 12. a3 Nh5 13. g3 Ra7 14. Bd2 Qd8 15. Bf1 Qe8 1/2-1/2

[Event "Vetemaa Memorial"]
[Site "Estonia"]
[Date "2004.??.??"]
[Round "?"]
[White "Pirttimaki, Timo"]
[Black "Ovsiannikov, Maxim"]
[Result "0-1"]
[WhiteElo "2220"]
[BlackElo "2115"]
[PlyCount "48"]
[EventDate "2004.04.??"]
[EventType "swiss"]
[EventRounds "7"]
[EventCountry "EST"]
[SourceTitle "EXT 2007"]
[Source "ChessBase"]
[SourceDate "2006.11.23"]
[SourceVersion "1"]
[SourceVersionDate "2006.11.23"]
[SourceQuality "1"]

1. e4 e6 2. Nf3 d5 3. e5 c5 4. b4 cxb4 5. d4 Nc6 6. a3 Qa5 7. Bd2 Qb6 8. Be3 bxa3 9. Bd3 Qb2 10. Nbd2 Nb4 11. 0-0 Nxd3 12. cxd3 Qb5 13. Qe2 Bd7 14. Rfb1 Qa6 15. Nb3 Bb5 16. Ne1 b6 17. Qd2 Ne7 18. Nc2 Nc6 19. Nc5 bxc5 20. Rxa3 Qb7 21. Rab3 a6 22. Na3 c4 23. dxc4 dxc4 24. Nxc4 Be7 0-1

[Event "Vetemaa Memorial"]
[Site "Estonia"]
[Date "2004.??.??"]
[Round "?"]
[White "Van de Wynkele, Eric"]
[Black "Pirttimaki, Timo"]
[Result "1/2-1/2"]
[WhiteElo "2050"]
[BlackElo "2220"]
[PlyCount "71"]
[EventDate "2004.04.??"]
[EventType "swiss"]
[EventRounds "7"]
[EventCountry "EST"]
[SourceTitle "EXT 2007"]
[Source "ChessBase"]
[SourceDate "2006.11.23"]
[SourceVersion "1"]
[SourceVersionDate "2006.11.23"]
[SourceQuality "1"]

1. Nf3 d6 2. c4 Bg4 3. e4 c5 4. Nc3 Nc6 5. h3 Bh5 6. g4 Bg6 7. Nh4 Nf6 8. Bg2 e6 9. Nxg6 hxg6 10. d3 Be7 11. Bf4 Nd4 12. Nb5 Nxb5 13. Qa4 a6 14. cxb5 Qd7 15. e5 dxe5 16. Bxe5 0-0 17. 0-0 axb5 18. Qb3 Nd5 19. a3 b4 20. Bxd5 exd5 21. axb4 cxb4 22. Rfe1 Rxa1 23. Rxa1 Qe6 24. Bd4 g5 25. Kf1 Kh7 26. Re1 Qd7 27. Qc2 Bf6 28. Bc5 Qb5 29. Be3 b3 30. Qe2 Re8 31. d4 Qxe2+ 32. Rxe2 Ra8 33. Re1 Ra2 34. Rb1 Ra4 35. Rd1 Rc4 36. Ke2 1/2-1/2

[Event "FIN-chT1A 0304"]
[Site "Finland"]
[Date "2003.11.16"]
[Round "4.2"]
[White "Pirttimaki, Timo"]
[Black "Makinen, Ilkka"]
[Result "1-0"]
[WhiteElo "2250"]
[BlackElo "2175"]
[PlyCount "93"]
[EventDate "2003.09.??"]
[EventType "team-tourn"]
[EventRounds "7"]
[EventCountry "FIN"]
[SourceTitle "EXT 2022"]
[Source "ChessBase"]
[SourceDate "2021.10.06"]
[SourceVersion "1"]
[SourceVersionDate "2021.10.06"]
[SourceQuality "1"]
[WhiteTeam "Helsinki KS 58"]
[BlackTeam "Helsinki HSK II"]
[WhiteTeamCountry "FIN"]
[BlackTeamCountry "FIN"]

1. d4 g6 2. e4 Bg7 3. Nc3 d6 4. Be3 Nd7 5. h3 e5 6. Nge2 c6 7. a4 Qe7 8. Qd2 Ngf6 9. f3 Nb6 10. b3 0-0 11. a5 Nbd7 12. g4 Re8 13. Kf2 exd4 14. Bxd4 d5 15. g5 dxe4 16. gxf6 Nxf6 17. Bg2 c5 18. Be3 exf3 19. Bxf3 Bf5 20. Bg5 Rad8 21. Qc1 h6 22. Bxf6 Bxf6 23. Ra4 Bg5 24. Nf4 Rd4 25. Rxd4 cxd4 26. Ncd5 Bh4+ 27. Kf1 Qg5 28. Ne2 Qxc1+ 29. Nxc1 Bxc2 30. Nb4 Re3 31. Nxc2 Rxf3+ 32. Ke2 Rc3 33. Na3 Bg5 34. Nd3 Bf6 35. Nb5 Rxb3 36. Nxa7 Ra3 37. Rb1 Rxa5 38. Rxb7 Rh5 39. Nf4 Rh4 40. Nd5 Be5 41. Nc6 Kg7 42. Nd8 Kf8 43. Nxf7 Bh2 44. Nd8 Ke8 45. Nc6 Rxh3 46. Nf6+ Kf8 47. Nxd4 1-0

[Event "FIN-chT1A 0304"]
[Site "Finland"]
[Date "2003.11.15"]
[Round "3.2"]
[White "Pirttimaki, Timo"]
[Black "Ketola, Ville"]
[Result "1/2-1/2"]
[WhiteElo "2250"]
[BlackElo "2106"]
[PlyCount "47"]
[EventDate "2003.09.??"]
[EventType "team-tourn"]
[EventRounds "7"]
[EventCountry "FIN"]
[SourceTitle "EXT 2022"]
[Source "ChessBase"]
[SourceDate "2021.10.06"]
[SourceVersion "1"]
[SourceVersionDate "2021.10.06"]
[SourceQuality "1"]
[WhiteTeam "Helsinki KS 58"]
[BlackTeam "Eura SK"]
[WhiteTeamCountry "FIN"]
[BlackTeamCountry "FIN"]

1. e4 c5 2. Nf3 e6 3. d4 cxd4 4. Nxd4 Nc6 5. Nc3 Nf6 6. Be2 a6 7. 0-0 Qc7 8. Be3 b5 9. Nxc6 dxc6 10. f4 Bb4 11. e5 Nd5 12. Nxd5 cxd5 13. a4 Bc5 14. Bxc5 Qxc5+ 15. Kh1 Bd7 16. axb5 Bxb5 17. Ra3 0-0 18. Rc3 Bxe2 19. Qxe2 Qb5 20. Qxb5 axb5 21. Kg1 Rfc8 22. Rxc8+ Rxc8 23. Ra1 g5 24. c3 1/2-1/2

[Event "Vantaa We Remi op"]
[Site "Vantaa"]
[Date "2003.??.??"]
[Round "3"]
[White "Hermlin, Aarne"]
[Black "Pirttimaki, Timo"]
[Result "1-0"]
[WhiteElo "2269"]
[BlackElo "2249"]
[PlyCount "29"]
[EventDate "2003.??.??"]
[EventType "swiss"]
[EventRounds "5"]
[EventCountry "FIN"]
[SourceTitle "EXT 2005"]
[Source "ChessBase"]
[SourceDate "2004.11.15"]
[SourceVersion "1"]
[SourceVersionDate "2004.11.15"]
[SourceQuality "1"]

1. e4 c5 2. Nf3 g6 3. d4 cxd4 4. Qxd4 Nf6 5. Bb5 a6 6. Ba4 b5 7. Bb3 Nc6 8. Qd1 d6 9. e5 dxe5 10. Qxd8+ Kxd8 11. Ng5 Kc7 12. Nxf7 Rg8 13. Nxe5 Nxe5 14. Bf4 Kd6 15. Nc3 1-0

[Event "Salo op"]
[Site "Salo"]
[Date "2003.??.??"]
[Round "3"]
[White "Pirttimaki, Timo"]
[Black "Koskela, Niina"]
[Result "1/2-1/2"]
[WhiteElo "2249"]
[BlackElo "2307"]
[PlyCount "90"]
[EventDate "2003.??.??"]
[EventType "swiss"]
[EventRounds "5"]
[EventCountry "FIN"]
[SourceTitle "EXT 2005"]
[Source "ChessBase"]
[SourceDate "2004.11.15"]
[SourceVersion "1"]
[SourceVersionDate "2004.11.15"]
[SourceQuality "1"]

1. d4 Nf6 2. c4 e6 3. g3 d5 4. Bg2 Be7 5. Nf3 0-0 6. 0-0 dxc4 7. Qc2 a6 8. Qxc4 b5 9. Qc2 Bb7 10. Nc3 Nc6 11. Rd1 Nb4 12. Qb1 Nbd5 13. Ne5 Nxc3 14. bxc3 Bxg2 15. Kxg2 c5 16. e4 Qc7 17. Bg5 Rfd8 18. Bxf6 Bxf6 19. Ng4 Be7 20. Ne3 Qb7 21. d5 Bf6 22. Qc2 Qc7 23. Rac1 Rd7 24. f4 e5 25. Qf2 Re8 26. f5 c4 27. h4 Qc5 28. Ng4 Qxf2+ 29. Nxf2 Be7 30. Kf3 Kf8 31. Ng4 f6 32. Ne3 Bc5 33. g4 h6 34. Rc2 Bxe3 35. Kxe3 Ke7 36. Rb1 Rb8 37. a4 Rdb7 38. Rcb2 Kd6 39. axb5 Rxb5 40. Rxb5 axb5 41. Ra1 b4 42. Ra6+ Kc5 43. Ra5+ Kd6 44. Ra6+ Kc5 45. Ra5+ Kd6 1/2-1/2

[Event "Helsinki"]
[Site "Helsinki"]
[Date "2003.??.??"]
[Round "6"]
[White "Pirttimaki, Timo"]
[Black "Molander, Riku"]
[Result "1/2-1/2"]
[WhiteElo "2249"]
[BlackElo "2291"]
[PlyCount "28"]
[EventDate "2003.??.??"]
[EventType "tourn"]
[EventRounds "7"]
[EventCountry "FIN"]
[EventCategory "1"]
[SourceTitle "EXT 2005"]
[Source "ChessBase"]
[SourceDate "2004.11.15"]
[SourceVersion "1"]
[SourceVersionDate "2004.11.15"]
[SourceQuality "1"]

1. e4 c5 2. Nf3 d6 3. d4 cxd4 4. Nxd4 Nf6 5. Nc3 g6 6. Be3 Bg7 7. f3 0-0 8. Bc4 Nc6 9. Qd2 Bd7 10. 0-0-0 Qa5 11. Bb3 Rfd8 12. h4 Ne5 13. h5 Nxh5 14. g4 Nf6 1/2-1/2

[Event "Helsinki"]
[Site "Helsinki"]
[Date "2003.??.??"]
[Round "1"]
[White "Pirttimaki, Timo"]
[Black "Porrasmaa, Timo"]
[Result "1/2-1/2"]
[WhiteElo "2249"]
[BlackElo "2220"]
[PlyCount "132"]
[EventDate "2003.??.??"]
[EventType "tourn"]
[EventRounds "7"]
[EventCountry "FIN"]
[EventCategory "1"]
[SourceTitle "EXT 2005"]
[Source "ChessBase"]
[SourceDate "2004.11.15"]
[SourceVersion "1"]
[SourceVersionDate "2004.11.15"]
[SourceQuality "1"]

1. e4 d6 2. d4 Nf6 3. Nc3 g6 4. h3 Bg7 5. g4 d5 6. e5 Ne4 7. Nce2 f6 8. f3 Ng5 9. Bxg5 fxg5 10. Qd2 e6 11. f4 c5 12. Nf3 gxf4 13. Nxf4 0-0 14. h4 Nc6 15. Bg2 cxd4 16. Nd3 Bd7 17. 0-0-0 Qa5 18. Qxa5 Nxa5 19. Nxd4 Nc6 20. Nf3 Rac8 21. Kb1 Na5 22. b3 b6 23. h5 Nb7 24. h6 Bh8 25. Ng5 Nc5 26. Nxc5 Rxc5 27. Nf3 Bb5 28. Rd2 Rc3 29. Ng5 Bxe5 30. Nxe6 Rfc8 31. Bxd5 Bc6 32. Nc7+ Kh8 33. Bxc6 Bxc7 34. Bd7 Rf8 35. Be6 Be5 36. Rd3 Rxd3 37. cxd3 Rf2 38. d4 Bf4 39. d5 Rh2 40. Rd1 Bxh6 41. d6 Rd2 42. Rxd2 Bxd2 43. Kc2 Bg5 44. Kd3 Kg7 45. Ke4 Kf8 46. Kd5 Ke8 47. Kc6 Bf4 48. d7+ Kd8 49. Kb7 Bg5 50. Kxa7 b5 51. Kb6 b4 52. Kb5 Be7 53. g5 Kc7 54. Bg8 Bxg5 55. Kxb4 Be7+ 56. Kc4 Kxd7 57. Bxh7 g5 58. Bf5+ Kc7 59. b4 Bd6 60. a4 Bg3 61. Kb5 Be1 62. Bg4 Bd2 63. Bf3 Be1 64. a5 Bd2 65. Ka4 Be1 66. b5 Bf2 1/2-1/2

[Event "Salo op"]
[Site "Salo"]
[Date "2003.??.??"]
[Round "4"]
[White "Sammalvuo, Tapani"]
[Black "Pirttimaki, Timo"]
[Result "1-0"]
[WhiteElo "2460"]
[BlackElo "2249"]
[PlyCount "23"]
[EventDate "2003.??.??"]
[EventType "swiss"]
[EventRounds "5"]
[EventCountry "FIN"]
[SourceTitle "EXT 2005"]
[Source "ChessBase"]
[SourceDate "2004.11.15"]
[SourceVersion "1"]
[SourceVersionDate "2004.11.15"]
[SourceQuality "1"]

1. e4 Nf6 2. e5 Nd5 3. d4 d6 4. Nf3 Nb6 5. a4 a5 6. Bb5+ c6 7. Bd3 Bg4 8. h3 Bh5 9. g4 Bg6 10. Bxg6 hxg6 11. e6 fxe6 12. Ng5 1-0

[Event "Espoo We MatSK op"]
[Site "Espoo"]
[Date "2002.??.??"]
[Round "5"]
[White "Pirttimaki, Timo"]
[Black "Agopov, Mikael"]
[Result "1/2-1/2"]
[WhiteElo "2244"]
[BlackElo "2400"]
[PlyCount "162"]
[EventDate "2002.02.??"]
[EventType "swiss"]
[EventRounds "5"]
[EventCountry "FIN"]
[SourceTitle "EXT 2004"]
[Source "ChessBase"]
[SourceDate "2003.11.25"]
[SourceVersion "1"]
[SourceVersionDate "2003.11.25"]
[SourceQuality "1"]

1. d4 Nf6 2. c4 e6 3. Nc3 Bb4 4. Bg5 h6 5. Bxf6 Qxf6 6. Rc1 0-0 7. a3 Bxc3+ 8. Rxc3 d6 9. Nf3 e5 10. e3 Re8 11. dxe5 dxe5 12. Nd2 Qg6 13. Qf3 Bf5 14. Qg3 Qb6 15. Rb3 Qa5 16. e4 Bg6 17. Rb5 Qa4 18. Qb3 Qxb3 19. Rxb3 b6 20. c5 Nd7 21. cxb6 axb6 22. Bb5 Red8 23. Bc6 Ra5 24. Bxd7 Rxd7 25. Ke2 Ra4 26. Rd3 Rad4 27. Rxd4 exd4 28. Rc1 c5 29. Kd3 f5 30. e5 Kf7 31. b4 f4+ 32. Ke2 Rd5 33. Nc4 cxb4 34. axb4 b5 35. Nd6+ Ke6 36. Rc5 Rxc5 37. bxc5 Kd5 38. Nxb5 Kxc5 39. Nc7 Bf5 40. e6 d3+ 41. Kd2 Kd6 42. e7 Kxe7 43. Nd5+ Kd6 44. Nxf4 Ke5 45. Nxd3+ Kd4 46. Nc1 g5 47. Ne2+ Ke5 48. Ke3 Bc8 49. Nc1 Bb7 50. f3 Kf5 51. g3 Bd5 52. Nd3 Ba2 53. Nf2 Bb1 54. Kd4 Ba2 55. Ng4 h5 56. Ne3+ Kf6 57. h4 gxh4 58. gxh4 Bb1 59. Kd5 Bd3 60. Kd4 Bb1 61. Nf1 Kf5 62. Ke3 Ke5 63. Ng3 Bg6 64. f4+ Kf6 65. Kd4 Ke6 66. Kc5 Be8 67. Kc4 Bf7 68. Kd4 Bg6 69. Ke3 Kf6 70. Kf3 Ke6 71. Nf1 Be8 72. Ne3 Bc6+ 73. Ke2 Be4 74. Kd2 Kf6 75. Kc3 Bb1 76. Kd4 Ke6 77. Kc5 Be4 78. Kb6 Bb1 79. Kc7 Be4 80. Kd8 Bb1 81. Ke8 Bg6+ 1/2-1/2

[Event "FIN-chT1B 0102"]
[Site "Finland"]
[Date "2002.??.??"]
[Round "7.1"]
[White "Pirttimaki, Timo"]
[Black "Aijala, Jouko"]
[Result "1-0"]
[WhiteElo "2251"]
[BlackElo "2156"]
[PlyCount "93"]
[EventDate "2001.10.??"]
[EventType "team-tourn"]
[EventRounds "7"]
[EventCountry "FIN"]
[SourceTitle "EXT 2022"]
[Source "ChessBase"]
[SourceDate "2021.10.06"]
[SourceVersion "1"]
[SourceVersionDate "2021.10.06"]
[SourceQuality "1"]
[WhiteTeam "Helsinki KS 58"]
[BlackTeam "Lahti S"]
[WhiteTeamCountry "FIN"]
[BlackTeamCountry "FIN"]

1. e4 e5 2. f4 exf4 3. Bc4 Nf6 4. Nc3 c6 5. Bb3 d5 6. exd5 Bg4 7. Nf3 cxd5 8. d4 Be7 9. Bxf4 0-0 10. 0-0 Nc6 11. Qd3 Rc8 12. Kh1 Na5 13. Rae1 Nxb3 14. axb3 h6 15. Qb5 Bxf3 16. Rxf3 Bd6 17. Qxb7 Bxf4 18. Rxf4 Qd6 19. g3 a6 20. Re7 Rce8 21. Rc7 Re1+ 22. Kg2 Qe6 23. Rc6 Qe3 24. Qxa6 Qg1+ 25. Kh3 Ne4 26. Nxe4 dxe4 27. Rc8 Qxd4 28. Rxf8+ Kxf8 29. Qc8+ Ke7 30. Qc7+ Qd7+ 31. Qxd7+ Kxd7 32. Rxf7+ Kd6 33. Rxg7 Ke5 34. Kg4 Kd4 35. h4 Ke3 36. b4 Kd2 37. b5 Rf1 38. b6 e3 39. b7 Rf8 40. Rd7+ Kxc2 41. Rc7+ Kd1 42. Rc8 h5+ 43. Kg5 e2 44. Rxf8 e1Q 45. b8Q Qe3+ 46. Qf4 Qe7+ 47. Kxh5 1-0